<?xml version="1.0" encoding="UTF-8"?>
<record
    xmlns:xsi="http://www.w3.org/2001/XMLSchema-instance"
    xsi:schemaLocation="http://www.loc.gov/MARC21/slim http://www.loc.gov/standards/marcxml/schema/MARC21slim.xsd"
    xmlns="http://www.loc.gov/MARC21/slim">

  <leader>01337nam a2200217 a 4500</leader>
  <controlfield tag="003">AR-RoUNCS</controlfield>
  <controlfield tag="005">20260701154606.0</controlfield>
  <controlfield tag="007">ta</controlfield>
  <controlfield tag="008">231004s2022    ag     |r     00| f spa d</controlfield>
  <datafield tag="020" ind1=" " ind2=" ">
    <subfield code="a">978-987-725-522-5</subfield>
  </datafield>
  <datafield tag="040" ind1=" " ind2=" ">
    <subfield code="a">AR-RoUNCS</subfield>
    <subfield code="b">spa</subfield>
    <subfield code="c">AR-RoUNCS</subfield>
  </datafield>
  <datafield tag="100" ind1="1" ind2=" ">
    <subfield code="a">Mujica Lainez, Manuel,</subfield>
    <subfield code="d">1910-1984</subfield>
    <subfield code="e">autor</subfield>
  </datafield>
  <datafield tag="245" ind1="1" ind2="4">
    <subfield code="a">Los &#xED;dolos / </subfield>
    <subfield code="c">Manuel Mujica Lainez.</subfield>
  </datafield>
  <datafield tag="260" ind1=" " ind2=" ">
    <subfield code="a">Buenos Aires :</subfield>
    <subfield code="b">Debolsillo,</subfield>
    <subfield code="c">c2022.</subfield>
  </datafield>
  <datafield tag="300" ind1=" " ind2=" ">
    <subfield code="a">223 p. ;</subfield>
    <subfield code="c">19 cm.</subfield>
  </datafield>
  <datafield tag="490" ind1="0" ind2=" ">
    <subfield code="a">Contempor&#xE1;nea</subfield>
  </datafield>
  <datafield tag="520" ind1=" " ind2=" ">
    <subfield code="a">Dos amigos hechizados en su adolescencia por Los &#xED;dolos, &#xFA;nico libro publicado por el enigm&#xE1;tico escritor Lucio Sansilvestre, se reencuentran en Londres luego de m&#xE1;s de diez a&#xF1;os sin verse. Uno de ellos, Gustavo, sabe que el autor fantasmal vive en esa ciudad y est&#xE1; empecinado en encontrarlo. El otro, espectador cauteloso de la fascinaci&#xF3;n de su amigo, decide acompa&#xF1;arlo en la pesquisa. Logran dar con Sansilvestre sin demasiado esfuerzo, pero a partir de ese encuentro, la trayectoria de sus vidas da un vuelco definitivo.

En esa zona inquietante entre el afecto y la obsesi&#xF3;n, entre la veneraci&#xF3;n y el desprecio, se construye una trama seductora como un juego de espejos, en cuya espesura parece imposible no quedar atrapados.</subfield>
  </datafield>
  <datafield tag="650" ind1=" " ind2="7">
    <subfield code="2">embne</subfield>
    <subfield code="a">Literatura argentina</subfield>
  </datafield>
  <datafield tag="655" ind1=" " ind2="7">
    <subfield code="a">Novela</subfield>
    <subfield code="2">embne</subfield>
  </datafield>
  <datafield tag="942" ind1=" " ind2=" ">
    <subfield code="2">udc</subfield>
    <subfield code="c">OG</subfield>
    <subfield code="n">0</subfield>
  </datafield>
  <datafield tag="999" ind1=" " ind2=" ">
    <subfield code="c">1072</subfield>
    <subfield code="d">1072</subfield>
  </datafield>
  <datafield tag="952" ind1=" " ind2=" ">
    <subfield code="0">0</subfield>
    <subfield code="1">0</subfield>
    <subfield code="2">udc</subfield>
    <subfield code="4">0</subfield>
    <subfield code="7">0</subfield>
    <subfield code="8">CG</subfield>
    <subfield code="a">ESOCIALES</subfield>
    <subfield code="b">ESOCIALES</subfield>
    <subfield code="d">2026-07-01</subfield>
    <subfield code="e">Donaci&#xF3;n 2023</subfield>
    <subfield code="l">0</subfield>
    <subfield code="o">82-31(82) M953</subfield>
    <subfield code="p">000151</subfield>
    <subfield code="r">2026-07-01 15:44:00</subfield>
    <subfield code="w">2026-07-01</subfield>
    <subfield code="y">OG</subfield>
  </datafield>
</record>
